|
|
|
|
| LEADER |
00000cam a2200000 7i4500 |
| 001 |
0000033085 |
| 005 |
20160229.0 |
| 008 |
160229 bm |
| 020 |
|
|
|a 9676545171
|
| 090 |
0 |
0 |
|a JR 510 TAN
|
| 100 |
0 |
|
|a Tan Chee Yong
|
| 245 |
0 |
0 |
|a Matematik
|c Tan Chee Yong
|
| 260 |
|
|
|a Shah Alam :
|b Penerbitan Fajar Bakti Sdn.Bhd ,
|c 1998
|
| 300 |
|
|
|a iv,172p :
|b ill ;
|c 25 cm.
|
| 650 |
0 |
0 |
|a Mathematics
|
| 999 |
|
|
|a 0000339627
|b Buku
|c Rujukan Kanak-Kanak
|e Perbadanan Perpustakaan Awam Melaka
|
| 999 |
|
|
|a 120510
|b Buku
|c Rak Terbuka
|e Perbadanan Perpustakaan Awam Melaka
|
| 999 |
|
|
|a 120512
|b Buku
|c Rujukan Kanak-Kanak
|e Perbadanan Perpustakaan Awam Melaka
|
| 999 |
|
|
|a 69361
|b Buku
|c Rujukan Kanak-Kanak
|e Perbadanan Perpustakaan Awam Melaka
|